000 00909cad a22001815a 4500
001 E151970
008 110117s2009 xxk f 000 0 eng d
035 _a(Sirsi) u151970
041 0 _aeng
110 2 _aChartered Institute of Building
_92134
245 0 0 _aHealth and safety in the construction industry 2009
_h[electronic resource]
260 _aAscot
_bCIOB
_c2009
520 _aSets out the results of a survey into health and safety in construction. Reveals that 69% of those surveyed thought their companies took health and safety very seriously, although over 25% of respondents stated that it was not a top priority.
651 4 _aUnited Kingdom
_y
690 _aHealth and safety
_96244
856 4 0 _uhttps://www.ciob.org.uk/sites/ciob.org.uk/files/Health%20and%20Safety%20in%20the%20Construction%20Industry%202009_0.pdf
_zView the survey free of charge (PDF file) at www.ciob.org.uk
942 _n0
999 _c111766
_d111766